000 01563nam0a22003131 4500
001 rc\4166313
005 20130415190150.8
021 _aRU
_b[49-7015ж]
035 _a(NLR Aleph) 008179968
090 _a7908997
_c7908997
100 _a20130415d1949 |||y0rusy50 ca
101 0 _arus
102 _aRU
105 _aa z |||||
200 1 _aОсновы морфологии и систематики плиоценовых и постплиоценовых остракод
_f[Вступ. статья: В.А. Догель. "Александр Владимирович Швейер", с. 5-6]
210 _aЛенинград
_aМосква
_cЛенингр. отд-ние Гостоптехиздата
_d1949
_gТип. "Кр. печатник" в Л.
215 _a111 с., 20 л. ил.
_cил.
_d23
225 1 _aТруды Всесоюзного нефтяного научно-исследовательского геологоразведочного института "ВНИГРИ"
_iНовая серия
_vВып. 30
300 _aПеред загл. авт.: А.В. Швейер
320 _aБиблиогр.: с. 108-109
606 _aОстракоды
_zПлиоцен
_yНижнее Поволжье
_2psbo
606 _aОстракоды
_zПлиоцен
_yСеверный Кавказ
_2psbo
700 1 _aШвейер
_bА. В.
_f1873-
_gАлександр Владимирович
702 1 _aДогель
_bВ. А.
_4080
801 0 _aRU
_bNLR
_gpsbo
801 1 _aRU
_bELAR
_2rusmarc
852 _aNLR
_jП7/243
942 _cBOOK
980 _aNB